00388nam a2200145Ia 4500008004100000020001500041041001200056082001600068100001300084245006600097260003900163300000800202650001600210700001600226221030s9999 xx 000 0 und d a0071188851 aEnglish a105.23bXan aZ. Xiang 0aSchaum`s Outlines Computer Graphicscby Z. Xiang, R. Plastock bMcGraw Hill Pub.aNew Delhic2001 a347 aBE Computer aR. Plastock